Szczegóły MARC21

Wzory aktów notarialnych /

003 -Nazwa inst., której nr kontr. jest w polu 001 [,]
    • @
    • Nazwa instytucji, której n kontrolny jest w polu 001
    • NUKAT
005 -DATA I CZAS OSTATNIEJ MODYFIKACJI [,]
    • @
    • pole kontrolne
    • 20241231091837.0
020 -Międzynarod. znormalizowany nr książki - ISBN [ , ]
    • a
    • Numer ISBN
    • 9788376206028 Find
040 -Instytucja sporządzająca opis [ , ]
    • a
    • Instytucja, która sporządziła opis (NP)
    • GD U/AEK
    • c
    • Instytucja, która sporządziła rekord (NP)
    • GD U/AEKs
942 -Rodzaj dokumentu [ , ]
    • c
    • Rodzaj dokumentu
    • Książka
100 -Hasło główne - nazwa osobowa [1, ]
    • a
    • Nazwa osobowa (NP)
    • Janeczko, Edward
    • d
    • Daty biograficzne (NP)
    • ( -2015).
    • 9
    • KHW
    • 12430
245 -Strefa tytułu i oznaczenia odpowiedzialności [1,0]
    • a
    • Tytuł
    • Wzory aktów notarialnych / Find
    • c
    • Pozostałe elementy strefy tytułu i oznaczenia odpowiedzialności (NP)
    • Edward Janeczko.
250 -Strefa wydania [ , ]
    • a
    • Oznaczenie wydania (NP)
    • Wyd. 7.
260 -Strefa adresu wydawniczego [ , ]
    • a
    • Miejsce wydania (P)
    • Warszawa :
    • b
    • Nazwa wydawcy (P)
    • LexisNexis Polska,
    • c
    • Data wydania (P)
    • 2011.
300 -Strefa opisu fizycznego [ , ]
    • a
    • Określenie formy książki i/lub objętość (NP)
    • 574, [1] s. ;
    • c
    • Format (NP)
    • 25 cm +
    • e
    • Oznaczenie dokumentu towarzyszącego (NP)
    • CD-ROM.
336 -Typ zawartości [ , ]
    • a
    • Termin opisujący typ zawartości
    • Tekst
    • b
    • Kod określający zawartość
    • txt
    • 2
    • Źródło (terminu i kodu)
    • rdacontent
337 -Typ mediów [ , ]
    • a
    • Tryb odtwarzania
    • Bez urządzenia pośredniczącego
    • b
    • Kod typu mediów
    • n
    • 2
    • Źródło (terminu i kodu)
    • rdamedia
338 -Typ/rodzaj nośnika [ , ]
    • a
    • Hasło opisujące typ nośnika
    • Wolumin
    • b
    • Kod typu nośnika
    • nc
    • 2
    • Źródło (terminu i kodu)
    • rdacarrier
080 -Uniwersalna Klasyfikacja Dziesiętna [ , ]
    • 2
    • Identyfikator wydania tablic
    • UDC-P058
    • 9
    • UKD
    • 3585
    • a
    • Symbol klasyfikacji
    • 347.961
    • b
    • Dopowiedzenie
    • Notariusze. Notariat.
    • 4
    • UKD2
    • 8533
    • x
    • Poddział wspólny
    • (083)
    • c
    • Dopowiedzenie poddz. wspólnego
    • (Zestawienia. Tabele. Wzory. Przepisy).
650 -Hasło przedmiotowe [ ,7]
    • a
    • Hasło przedmiotowe
    • Notariat
    • z
    • Określnik geograficzny
    • Polska
    • x
    • Określnik rzeczowy
    • formularze.
    • 2
    • Źródło terminu
    • kaba
    • 9
    • KHW
    • 374261
650 -Hasło przedmiotowe [ ,7]
    • a
    • Hasło przedmiotowe
    • Akta notarialne
    • z
    • Określnik geograficzny
    • Polska
    • x
    • Określnik rzeczowy
    • formularze.
    • 2
    • Źródło terminu
    • kaba
    • 9
    • KHW
    • 374262
980 -Symbol UKD [ , ]
    • a
    • UKD
    • 347.961(083)
710 -Hasło dodatkowe - nazwa ciała zbiorowego [2, ]
    • a
    • Nazwa ciała zbiorowego lub nazwa geograficzna jako pierwszy element (NP)
    • Wydawnictwo Prawnicze LexisNexis.
    • 4
    • Kod relacji
    • pbl
    • 9
    • KHW
    • 53472
920 -ISBN [ , ]
    • a
    • ISBN
    • 978-83-7620-602-8 Find
Numer inwentarzowy Status udost. Lokalizacja Data inwentaryzacji Sygnatura
SA.202321BSA2011-07-29SA.20232